000 00334nam a2200133Ia 4500
008 240624s9999 xx 000 0 und d
041 _aeng
082 _a657.45 TAU
100 _aTAUBE DAVID C
245 _aFRANCHISING AUDIT
260 _aUK
_bCambridge Strategy Publications Ltd
300 _a137 : p. : cm. ; 29
365 _cRS
_b50
999 _c28475
_d28475